Espejos rotos: aproximaciones al documental norteamericano contemporáneo

Espejos rotos pretende ser una aproximación introductoria a las principales tendencias y tensiones que conviven en esta nueva era. No se presenta como un estudio exhaustivo de la producción documental de las últimas décadas en Estados Unidos, ni aspira al análisis sistemático de este territorio, cie...

Full description

Bibliographic Details
Main Author: Ortega, María Luisa
Format: Libro
Language:Spanish
Published: Madrid: Ocho y Medio, Libros de Cine, Ayuntamiento de Madrid, Área de Gobierno de Las Artes, 2007.
Series:Textos documenta ; 3
Subjects:
Online Access:

MARC

LEADER 00000cam a2200000 4500
003 UAHC
005 20181121151733.0
008 181120s2007 sp |||| |||| 00| 0 spa d
952 |0 0  |1 0  |2 ddc  |4 0  |6 791_430000000000000_ORT  |7 0  |8 BAS  |9 90957  |a BS  |b BS  |c General  |d 2018-11-21  |e Compra  |l 0  |o 791.43 ORT  |p 1461477  |r 2025-11-26 00:00:00  |t c.1  |w 2018-11-21  |y BK  |B CINE 
952 |0 0  |1 0  |2 ddc  |4 0  |6 791_430000000000000_ORT  |7 0  |8 BAS  |9 90958  |a BS  |b BS  |c General  |d 2018-11-21  |e Compra  |l 0  |o 791.43 ORT  |p 1461478  |r 2025-11-26 00:00:00  |t c.2  |w 2018-11-21  |y BK  |B CINE 
999 |c 51205  |d 51205 
020 |a 9788496582309 
035 |a ARTES 
040 |a UAHC_CL  |c UAHC_CL  |d UAHC_CL 
082 |2 21  |a 791.43  |b O77 
100 |9 5579  |a Ortega, María Luisa 
245 |a Espejos rotos:  |b aproximaciones al documental norteamericano contemporáneo  |c María Luisa Otega. 
260 |a Madrid:  |b Ocho y Medio, Libros de Cine,  |b Ayuntamiento de Madrid, Área de Gobierno de Las Artes,  |c 2007. 
300 |a 404 p. 
440 |9 5580  |a Textos documenta  |v ; 3 
520 |a Espejos rotos pretende ser una aproximación introductoria a las principales tendencias y tensiones que conviven en esta nueva era. No se presenta como un estudio exhaustivo de la producción documental de las últimas décadas en Estados Unidos, ni aspira al análisis sistemático de este territorio, ciertamente muy extenso, sino que es una invitación al lector para recorrer y explorar algunas de sus formas, ciertas innovaciones en el lenguaje y la aparición de nuevos objetos y temáticas. 
650 0 |9 5581  |a Cine documental  |z Estados Unidos 
942 |2 ddc  |c BK